| 000 | 00456nam a22001577a 4500 | ||
|---|---|---|---|
| 005 | 20240603115131.0 | ||
| 008 | 240603b |||||||| |||| 00| 0 eng d | ||
| 020 | _a978-93-90522-73-6 | ||
| 041 | _aeng | ||
| 100 |
_aDHAKA,BHANWAR LAL , KIRTI, AND OJHA, PANKAJ KUMAR OJHA _98423 |
||
| 245 | _aAS PER ICAR NEW SYLLABUS HUMAN VALUES AND ETHICS | ||
| 260 |
_aLUDHIANA _bKALYANI PUBLISHERS _c2021 |
||
| 300 | _a117;p | ||
| 650 |
_aLIFE SKILL _98393 |
||
| 942 | _cBK | ||
| 999 |
_c8515 _d8513 |
||